|
|
แสดงรายละเอียดบรรณานุกรม |
|
|
Brief Record
: Get Marc (ISO 2709)
: E-mail record
: |
| LEADER 00000nama 2200000uu 4500 | |||
| 001 183097 | |||
| 003 ULIBM | |||
| 008 040531s2542 th m m a000 0 tha d | |||
| 020 974-7889-71-4 | |||
| 041 tha | |||
| 050 WA30 ส842อ | |||
| 100 สุมล ศรีสุขวัฒนา | |||
| 245 อบต.กับการจัดการปัญหาสาธารณสุขและสิ่งแวดล้อมตามกฏหมาย 001 | |||
| 246 กรมอนามัย | |||
| 260 นนทบุรี โครงการตำรากรมอนามัย 2542 | |||
| 300 151 หน้า | |||
| 650 สิ่งแวดล้อม อนามัยสิ่งแวดล้อม | |||
| 998 1999-10-19 | |||
| คุณยังไม่ได้ล็อกอิน คุณสามารถมีกิจกรรมร่วมกับเว็บไซต์ได้ แต่ต้องล็อกอินก่อน :: |
|
| สถานะ | |||||||||
| 1. | หนังสือทั่วไป | WA30 ส842อ 2542 | On Shelf ขอยืม | ||||||
| [แสดง 1/1 รายการ] | |||||||||
BibComment |
| คอมเมนท์ทรัพยากรรายการนี้ |
|
|